Guía para la construcción de indicadores de gestión / (Registro nro. 3892)
[ vista simple ]
| 000 -LEADER | |
|---|---|
| fixed length control field | 01281nam a2200277Ia 4500 |
| 003 - CONTROL NUMBER IDENTIFIER | |
| control field | OSt |
| 005 - DATE AND TIME OF LATEST TRANSACTION | |
| control field | 20210104184401.0 |
| 008 - FIXED-LENGTH DATA ELEMENTS--GENERAL INFORMATION | |
| fixed length control field | 191128s2012 ck ad gr 000 0 spa d |
| 020 ## - INTERNATIONAL STANDARD BOOK NUMBER | |
| International Standard Book Number | 9789588125572 |
| 040 ## - CATALOGING SOURCE | |
| Original cataloging agency | CO-JMCR |
| Transcribing agency | CO-JMCR |
| 041 0# - LANGUAGE CODE | |
| Language code of text/sound track or separate title | spa |
| 082 04 - DEWEY DECIMAL CLASSIFICATION NUMBER | |
| Classification number | 658.562 / |
| Item number | C718g |
| Edition number | 23 |
| 110 1# - MAIN ENTRY--CORPORATE NAME | |
| Corporate name or jurisdiction name as entry element | Colombia. |
| Subordinate unit | Departamento Administrativo de la Función Pública |
| 9 (RLIN) | 9207 |
| 245 10 - TITLE STATEMENT | |
| Title | Guía para la construcción de indicadores de gestión / |
| Statement of responsibility, etc. | Departamento Administrativo de la Función Pública DAFP |
| 260 ## - PUBLICATION, DISTRIBUTION, ETC. | |
| Place of publication, distribution, etc. | Bogotá : |
| Name of publisher, distributor, etc. | Departamento Administrativo de la Función Pública, |
| Date of publication, distribution, etc. | 2012 |
| 300 ## - PHYSICAL DESCRIPTION | |
| Extent | 52 páginas : |
| Other physical details | gráficos a blanco y negro ; |
| Dimensions | 28 cm. |
| 490 0# - SERIES STATEMENT | |
| Series statement | Cartillas de administración pública ; |
| Volume/sequential designation | 22 |
| 500 ## - GENERAL NOTE | |
| General note | Versión 2 |
| 504 ## - BIBLIOGRAPHY, ETC. NOTE | |
| Bibliography, etc. note | Bibliografía: páginas 51-52 |
| 505 0# - FORMATTED CONTENTS NOTE | |
| Formatted contents note | Evaluación de la gestión pública -- Importancia de la medición -- Conceptualización -- Qué es un indicador -- Características de los indicadores -- Beneficios de los indicadores -- Tipología de los indicadores -- Indicadores de eficacia |
| 650 14 - SUBJECT ADDED ENTRY--TOPICAL TERM | |
| Topical term or geographic name entry element | Gestión pública |
| 9 (RLIN) | 2740 |
| 650 14 - SUBJECT ADDED ENTRY--TOPICAL TERM | |
| Topical term or geographic name entry element | Indicadores de economía |
| 9 (RLIN) | 12639 |
| 650 14 - SUBJECT ADDED ENTRY--TOPICAL TERM | |
| Topical term or geographic name entry element | Indicadores de gestión |
| Form subdivision | guías |
| General subdivision | fundamentos |
| 9 (RLIN) | 12640 |
| 650 24 - SUBJECT ADDED ENTRY--TOPICAL TERM | |
| Topical term or geographic name entry element | Administración pública |
| General subdivision | guías |
| 9 (RLIN) | 12641 |
| 942 ## - ADDED ENTRY ELEMENTS (KOHA) | |
| Source of classification or shelving scheme | Dewey Decimal Classification |
| Koha item type | Books |
| Withdrawn status | Lost status | Source of classification or shelving scheme | Damaged status | Not for loan | Collection code | Home library | Current library | Date acquired | Source of acquisition | Total Checkouts | Total Renewals | Full call number | Barcode | Date last seen | Date last checked out | Copy number | Koha item type |
|---|---|---|---|---|---|---|---|---|---|---|---|---|---|---|---|---|---|
| Dewey Decimal Classification | Non-fiction | Biblioteca Pública José María del Castillo y Rada | Biblioteca Pública José María del Castillo y Rada | 12/01/2017 | Donación | 9 | 13 | 658.562 / C718g | 201808478 | 10/17/2024 | 10/16/2024 | Ej.1 | Books |